|
|
|
|
| LEADER |
00000ny a22000003n 4500 |
| 005 |
20110615140724.0 |
| 008 |
011106s2000 sp s 001 0 spa c |
| 017 |
|
|
|a M24071-2001
|
| 020 |
|
|
|a 8484940071
|
| 035 |
|
|
|a 1622
|
| 040 |
|
|
|a UMA.DER
|d vLex
|
| 040 |
|
|
|a UMA.RE
|d vLex
|
| 080 |
|
|
|a 347.773
|
| 090 |
|
|
|c 721
|d 721
|
| 100 |
1 |
|
|a Vega Garca̕, Fernando L. de la
|
| 245 |
1 |
0 |
|a Proteccin̤ del diseǫ en el Derecho Industrial y de la Competencia
|h [Recurso electrn̤ico]
|c Fernando L.de la Vega Garca̕ ; [dirigido por, Jos ̌Luis Fernǹdez Ruiz]
|
| 256 |
|
|
|a Servicio en ln̕ea
|
| 260 |
|
|
|a Madrid :
|b Editoriales de derecho reunidas,
|c D.L.2001
|
| 300 |
|
|
|a 369 p. ;
|c 20 cm
|
| 490 |
1 |
|
|a Cuadernos mercantiles;
|v 12
|
| 504 |
|
|
|a Bibliogr.: p.353-362
|
| 504 |
|
|
|a Índices
|
| 506 |
1 |
|
|a Contenido solo disponible en los productos indicados
|d vLex Global
|d vLex Global (Academic Edition, excluding Law Schools)
|d vLex Global (U.S. Academic Edition, Law Schools)
|d vLex Global (U.S. Academic Edition, excluding Law Schools)
|d vLex Global (Academic Edition, Law Schools)
|
| 650 |
0 |
7 |
|a Medios alternativos de solucin̤ de conflictos
|2 Tesauro vLex
|
| 650 |
0 |
7 |
|a Procesal
|2 Tesauro vLex
|
| 650 |
0 |
7 |
|a Contenido de la proteccin̤ del diseǫ
|2 Tesauro vLex
|
| 700 |
1 |
|
|a Fernǹdez Ruiz, Jos ̌Luis,
|e dir
|
| 740 |
0 |
|
|a vLex Libros (Servicios en ln̕ea)
|
| 830 |
|
0 |
|a Cuadernos mercantiles (Editoriales de Derecho Reunidas)
|
| 856 |
4 |
0 |
|u http://vlex.com/source/1622
|z Acceso restringido
|
| 942 |
|
|
|c BOOK
|
| 999 |
0 |
|
|a Procedure (Law
|b Madrid
|